Movie Directors by Picture - Statistics

General Stats
  • This quiz has been taken 99 times
  • The average score is 18 of 28
Answer Stats
Picture Answer % Correct
Steven Spielberg
96%
Alfred Hitchcock
91%
Quentin Tarantino
91%
Clint Eastwood
88%
Martin Scorsese
85%
Christopher Nolan
83%
James Cameron
80%
Spike Lee
80%
Mel Gibson
79%
Ang Lee
75%
Orson Welles
75%
Tim Burton
75%
George Lucas
73%
Peter Jackson
73%
Wes Anderson
73%
Stanley Kubrick
72%
Greta Gerwig
68%
Francis Ford Coppola
65%
Ron Howard
63%
Ridley Scott
60%
Kathryn Bigelow
48%
Chloé Zhao
41%
J.J. Abrams
38%
Danny Boyle
36%
Guy Ritchie
30%
Edgar Wright
27%
Fritz Lang
22%
Sergei Eisenstein
14%
No matching quizzes found
Score Distribution
Percent of People with Each Score
Percentile by Number Answered
Your Score History
You have not taken this quiz